| 000 | 00559cam a22002171 4500 | ||
|---|---|---|---|
| 001 | ne 68001231 | ||
| 003 | DLC | ||
| 005 | 20260227111840.0 | ||
| 008 | 950420s1958 xx b 000 0 arao | ||
| 010 | _ane 68001231 | ||
| 035 | _a(OCoLC)32341181 | ||
| 040 |
_aDLC _cCU _dCU _dDLC |
||
| 042 | _apremarc | ||
| 050 | 0 | 0 |
_aDP102 _b.I2 |
| 100 | 2 |
_aIbn al-Qūṭīyah, Muḥammad ibn ʻUmar, _d-977. |
|
| 245 | 1 | 0 | _aTārīkh iftitāḥ al-Andalus. |
| 260 | _c[1958] | ||
| 300 |
_a239 p. _c25 cm. |
||
| 504 | _aBibliography: p. 239. | ||
| 650 | 0 |
_aArabs _zSpain. |
|
| 999 |
_c50252 _d50252 |
||